000 06363nam a22006134a 4500
005 20090620105742.0
008 990614s2000 njua b 001 0 eng
010 _aENG-94143
020 _a9788170005438
_c1695.00
020 _a8170005434
_c1695.00
035 _aEN-77676
035 _aB-359552-574
037 _bDBAD / PUB
037 _bEss Ess Publications
040 _adpl
_bEnglish
082 _a658.4038
245 _aKnowledge management for the information professional /
_cedited by Kanti Srikantaiah, T. (and) Michael E.D. Koenig
260 _aNew Delhi
_bEss Ess Publications
_c2008
270 _a4837/24, Ansari Road, Daryaganj
_bNew Delhi
_e110002
300 _aviii, 598 p.
_c26cm(Hb)
440 _aASIS monograph series
500 _aIncludes bibliographical references and index
650 _aKnowledge management.
650 _aOrganizational learning.
700 _aSrikantaiah Kanti, T
_qTaverekere
700 _aKoenig, Michael E. D.
710 _aAmerican Society for Information Science.
942 _2ddc
_cEN
_h658.4038
_mKNO
999 _c27666
_d27666